000 00524nam a22001697a 4500
003 OSt
005 20260423155649.0
008 260108b |||||||| |||| 00| 0 eng d
040 _cSVYASA
100 _aArun Thulasi
_91233
245 _aCovid-19 pandemic impact of tele yoga on mental health and quality of life in adolescents.
260 _aBangaluru
_bSvyasa
_c2025
300 _a128 p..
856 _uhttp://hdl.handle.net/10603/696963
856 _uhttps://elibraryofyoga.com/handle/123456789/2584
942 _2ddc
_cT
_n0
999 _c20838
_d20838